00626cam a22002411 4500001001300000003000400013005001700017008004100034010001700075035002000092040001800112042001200130043001200142050001700154100003700171245002900208260001100237300003000248500001400278504003400292650004100326999001700367sa 68003546 DLC20260227112453.0890703s1966 ii b 000 0 orio  asa 68003546  a(OCoLC)19959740 aDLCcWaUdDLC apremarc aa-ii---00aPK2572b.M581 aMohanty, Janaki Ballabha,d1924-10aOḍiā gīti-kābya. c[1966] a2, 3, 353, [1] p.c22 cm. aIn Oriya. aBibliography : p. [343]-[354] 0aOriya poetryxHistory and criticism. c79566d79566